书目信息 |
| 题名: |
外交史
|
|
| 作者: | 迪罗塞尔 著 ;李仓人 译 | |
| 分册: | 上 | |
| 出版信息: | 上海 上海译文出版社 1982.10 |
|
| 页数: | 428页 | |
| 开本: | 20cm | |
| 丛书名: | ||
| 单 册: | ||
| 中图分类: | D819 | |
| 科图分类: | ||
| 主题词: | 外交史--世界 , 国际关系史 | |
| 电子资源: | ||
| ISBN: | ||
| 000 | 00684nam0 2200241 45 | |
| 001 | 0310270830 | |
| 005 | 20050629101955.3 | |
| 010 | @dCNY1.60 | |
| 091 | @a3188.38 | |
| 100 | @a20031027d1982 km y0chiy0120 ea | |
| 101 | 0 | @achi |
| 105 | @a z 000yy | |
| 200 | 1 | @a外交史@AWai Jiao Shi@e1919-1978@h上@f(法)让-巴蒂斯特·迪罗塞尔著@F(Fa)Rang-Ba Di Si Te·Di Luo Sai Er Zhu@g李仓人等译 |
| 210 | @a上海@c上海译文出版社@d1982.10 | |
| 215 | @a428页@d20cm | |
| 517 | @a1919-1978 | |
| 606 | 0 | @a外交史@x世界 |
| 606 | 0 | @a国际关系史 |
| 690 | @aD819@v3 | |
| 701 | 0 | @a迪罗塞尔@4著 |
| 702 | 0 | @a李仓人@ALi Cang Ren@4译 |
| 801 | @aCN@bTSTC@c20031027 | |
| 905 | @dD819@e10:1@f1@b83106 | |
| 外交史:1919-1978.上/(法)让-巴蒂斯特·迪罗塞尔著/李仓人等译.-上海:上海译文出版社,1982.10 |
| 428页;20cm |
| ISBN :CNY1.60 |
| ● |
| 相关链接 |
|
|
|
|
正题名:外交史
索取号:D819/10:1
 
预约/预借
| 序号 | 登录号 | 条形码 | 馆藏地/架位号 | 状态 | 备注 |
| 1 | 0083104 | 001725896 | 密集书库/ [索取号:D819/10:1] | 在馆 | |
| 2 | 0083105 | 001726010 | 密集书库/ [索取号:D819/10:1] | 在馆 | |
| 3 | 0083106 | 001016670 | 第一样本阅览室/ [索取号:D819/10:1] | 在馆 |